| 000 | 00915nas a2200289 4500 | ||
|---|---|---|---|
| 001 | BR2013002728 | ||
| 003 | BR-BrBNA | ||
| 005 | 20231205122157.0 | ||
| 007 | ta | ||
| 008 | 230509b bl.|||p| |||| 00| 00por d | ||
| 040 |
_aBR-BrBNA _bpor _cBiblioteca Nacional de Agricultura |
||
| 041 | _a(Pt) | ||
| 072 | _aM40; L60 | ||
| 100 | 1 | _aVerçosa, M.M. | |
| 100 | 1 | _aSantos, E.C.L. dos | |
| 100 | 1 | _aSouza, J.R.B. de | |
| 100 | 1 | _aRocha, C.M.C. da | |
| 245 | 1 | _aDistribuição de Stygarctus bradypus Schulz, 1951 (Tardigrada, Heterotardigrada)na margem sul da Ilha de Itamaracá (PE, Brasil) | |
| 650 | _aLITORAL | ||
| 650 | _aFAUNA AQUÁTICA | ||
| 650 | _aANIMAL AQUÁTICO | ||
| 650 | _aBIOLOGIA AQUÁTICA | ||
| 650 | _aPERNAMBUCO | ||
| 773 | 0 |
_tAtlântica (Brazil) _xISSN 0102-1656 _g(Jan-Jun 2009), v. 31(1) p. 25-33 _wBR2013002728 |
|
| 909 |
_a202311 _bLúcia _c55 _dLúcia Elande |
||
| 942 |
_2AGRIS _n0 _cANA |
||
| 999 |
_c227307 _d227307 |
||